| Tag |
First Indicator |
Second Indicator |
Subfields |
| LEADER |
00000cgm a2200000Mi 4500 |
| 001 |
in00005601708 |
| 006 |
m o c |
| 007 |
cr |n||||||||a |
| 007 |
vz |za|z| |
| 008 |
201007s2017 abc012 e o vneng d |
| 005 |
20241201234239.3 |
| 035 |
|
|
|a (OCoLC)on1204119311
|
| 040 |
|
|
|a ALSTP
|b eng
|e rda
|c ALSTP
|d OCLCO
|d OCLCF
|d OCLCO
|d CJT
|d OCLCL
|d OCLCQ
|
| 019 |
|
|
|a 1373478394
|
| 035 |
|
|
|a (OCoLC)1204119311
|z (OCoLC)1373478394
|
| 049 |
|
|
|a TXAM
|
| 245 |
0 |
0 |
|a Star trails.
|p Beaver Hills Dark Sky Preserve Star Party /
|c director/producer/writer Brandy Yanchyk.
|
| 246 |
3 |
0 |
|a Beaver Hills Dark Sky Preserve Star Party
|
| 264 |
|
1 |
|a Edmonton, AB :
|b Brandy Y Productions,
|c 2017.
|
| 300 |
|
|
|a 1 online resource (12 minutes)
|
| 306 |
|
|
|a 001116
|
| 336 |
|
|
|a two-dimensional moving image
|b tdi
|2 rdacontent
|
| 337 |
|
|
|a computer
|b c
|2 rdamedia
|
| 337 |
|
|
|a video
|b v
|2 rdamedia
|
| 338 |
|
|
|a online resource
|b cr
|2 rdacarrier
|
| 347 |
|
|
|a video file
|2 rda
|
| 490 |
0 |
|
|a Star Trails
|
| 500 |
|
|
|a Title from resource description page (viewed October 07, 2020).
|
| 520 |
|
|
|a Visit central Alberta and the Beaver Hills Dark Sky Preserve to explore how the past and present collide under the dark skies to connect First Nations culture, to NASA's latest work, and the future of our natural world.
|
| 546 |
|
|
|a In English.
|
| 650 |
|
0 |
|a Astronomy.
|
| 650 |
|
0 |
|a Stars.
|
| 650 |
|
0 |
|a Festivals
|z Alberta.
|
| 651 |
|
0 |
|a Alberta
|x Description and travel.
|
| 650 |
|
6 |
|a Astronomie.
|
| 650 |
|
6 |
|a Étoiles.
|
| 651 |
|
6 |
|a Alberta
|x Descriptions et voyages.
|
| 650 |
|
7 |
|a Astronomy.
|2 fast
|0 (OCoLC)fst00819673
|
| 650 |
|
7 |
|a Festivals.
|2 fast
|0 (OCoLC)fst00923329
|
| 650 |
|
7 |
|a Stars.
|2 fast
|0 (OCoLC)fst01131648
|
| 650 |
|
7 |
|a Travel.
|2 fast
|0 (OCoLC)fst01155558
|
| 651 |
|
7 |
|a Alberta.
|2 fast
|0 (OCoLC)fst01204828
|1 https://id.oclc.org/worldcat/entity/E39QbtfRqvQbDBpdCQR6cRFXJc
|
| 655 |
|
7 |
|a Documentary television programs.
|2 fast
|0 (OCoLC)fst01710387
|
| 655 |
|
7 |
|a Documentary television programs.
|2 lcgft
|
| 655 |
|
7 |
|a Documentaires télévisés.
|2 rvmgf
|
| 700 |
1 |
|
|a Yanchyk, Brandy,
|e director,
|e producer,
|e screenwriter.
|
| 710 |
2 |
|
|a Brandy Y Productions,
|e production company.
|
| 856 |
4 |
0 |
|u http://proxy.library.tamu.edu/login?url=https://www.aspresolver.com/aspresolver.asp?MARC;5075503
|z Connect to this streaming video (Alexander Street Press)
|t 0
|
| 955 |
|
|
|a Alexander Street Press subscription streaming video
|
| 994 |
|
|
|a 92
|b TXA
|
| 999 |
f |
f |
|s 2e0a6f3d-e56b-45e1-a904-e948643572af
|i 7c5db56c-6b44-41c8-9c26-9dffdb53e7ef
|t 0
|
| 952 |
f |
f |
|a Texas A&M University
|b College Station
|c Electronic Resources
|d Available Online
|t 0
|h Library of Congress classification
|
| 998 |
f |
f |
|t 0
|l Available Online
|